[Event "Ubeda op 5th"]
[Site "Ubeda"]
[Date "2000.01.26"]
[Round "8"]
[White "Dolmatov, Sergey"]
[Black "Minasian, Ara"]
[Result "1-0"]
[WhiteElo "2615"]
[BlackElo "2485"]
[Annotator "Ftacnik,L"]
[PlyCount "59"]
[EventDate "2000.01.19"]
[EventType "swiss"]
[EventRounds "10"]
[EventCountry "ESP"]
[SourceTitle "CBM 075"]
[Source "ChessBase"]
[SourceDate "2000.04.05"]
[SourceVersion "1"]
[SourceVersionDate "2000.04.05"]
[SourceQuality "1"]

1. e4 c5 2. Nf3 d6 3. d4 cxd4 4. Nxd4 Nf6 5. Nc3 a6 6. Be2 e5 7. Nb3 Be7 8. Be3
Be6 9. Nd5 Nbd7 (9... Nxd5 $5 {Kortschnoj} 10. exd5 Bf5 11. Qd2 a5 12. a4 O-O
13. O-O g5 $1 $13) 10. Qd3 Rc8 (10... Bxd5 11. exd5 O-O (11... h5 12. h3 h4 13.
g4 hxg3 14. fxg3 Rc8 15. O-O-O Nb6 16. Bxb6 Qxb6 17. Kb1 O-O 18. g4 a5 19. g5
Nd7 20. Bg4 Nc5 21. Nxc5 Rxc5 22. h4 Rb5 23. b3 Rb4 {1/2-1/2 Khalifman,A-King,
D/Germany/1999/ (36)}) (11... Nc5 12. Nxc5 dxc5 13. O-O-O e4 14. Qb3 Qc7 15.
Qa4+ Kf8 16. g4 Rd8 17. d6 Rxd6 18. Rxd6 Bxd6 19. Rd1 g5 20. Bxg5 Bf4+ 21. Bxf4
Qxf4+ 22. Kb1 h5 {1/2-1/2 Svidler,P-Huzman,A/Haifa/2000/ (33)}) 12. O-O (12. g4
$1 Nc5 (12... e4 $5 13. Qd4 Nc5 14. Nd2 a5 $1 15. h4 Qd7 16. g5 Ng4 17. Nxe4
Nxe3 18. fxe3 Nxe4 19. Qxe4 $16) 13. Nxc5 dxc5 14. O-O-O e4 15. Qd2 Bd6 16. g5
Nd7 17. h4 Ne5 18. h5 {1-0 Khalifman,A-Gelfand,B/Las Vegas/1999/ (39)}) 12...
Rc8 (12... a5 13. c4 b6 14. Nd2 Nc5 15. Qc2 Nfd7 16. b3 Bg5 17. Bxg5 Qxg5 18.
a3 Nf6 19. b4 {1/2-1/2 Palac,M-Vera,R/Luzern/1997/ (19)}) (12... Nc5 13. Nxc5
dxc5 14. Rad1 e4 15. Qb3 Qc7 16. Bg5 {1/2-1/2 Kasimdzhanov,R-Lautier,J/Elista/
1998/ (16)}) 13. c4 a5 14. Qd2 b6 15. f3 Ne8 16. Rac1 h6 17. Bd3 Bg5 18. Bf5
Bxe3+ 19. Qxe3 Nef6 20. f4 {1-0 Tseitlin,M-Slutzky,L/Israel/1997/ (40)}) (10...
O-O 11. c4 (11. O-O b5 12. Rac1 Rc8 13. f4 Bg4 14. h3 Bxe2 15. Qxe2 Nxe4 16. f5
Ng3 17. Qg4 {0-1 Goormachtigh,S-Gil Rodriguez,I/Oropesa del Mar/1999/ (17)})
11... b5 12. cxb5 axb5 13. O-O Bxd5 14. exd5 Rb8 (14... Nb6 15. Bxb6 Qxb6 16.
Qxb5 Qa7 17. a4 Rfb8 18. Qc4 Rc8 19. Qd3 Rab8 {1/2-1/2 Svidler,P-Gelfand,B/
Haifa/2000/ (49)}) 15. Rfc1 e4 16. Qd2 Ne5 17. Na5 Nxd5 18. Nc6 Nxc6 19. Qxd5
Ne5 20. Qxe4 Bf6 {1/2-1/2 Brodsky,M-Neverov,V/Hoogeveen/1999/ (30)}) 11. c4 {
The character of the game will now be close to the king's indian defence.
Black position is a bit cramped and any exchange on the d5 produces an
"unsicilian" d5-e4 pawn chain.} (11. O-O Bxd5 12. exd5 Nb6 $11) 11... O-O 12.
O-O Bxd5 (12... Re8 13. Rac1 $14) 13. cxd5 Nb6 14. Nd2 (14. Na5 $6 Nbxd5 15.
Nxb7 Qc7 16. exd5 Qxb7 $11) (14. Rac1 Nfd7 (14... Na4 15. Rxc8 Qxc8 16. Rc1 Qd7
(16... Qd8 17. Qc2 b5 18. Nd2 $16) 17. Qc2 b5 18. Na5 $16) 15. Bg4 Rxc1 16.
Rxc1 Bg5 17. Bxg5 Qxg5 18. Bxd7 Nxd7 19. Rc7 Nf6 $14) 14... Na4 15. Qa3 Nc5 (
15... b5 16. Rfc1 Qd7 $14) 16. f3 Nh5 17. b4 Nd7 18. g3 g6 19. Nc4 f5 (19... b5
$2 20. Na5 $16) 20. exf5 gxf5 21. f4 Qe8 (21... exf4 $5 22. gxf4 (22. Bxh5 fxe3
(22... Rxc4 23. Bxf4 $14) 23. Nxe3 Qb6 24. Kh1 Bf6 25. Rac1 Rxc1 26. Rxc1 Bg5
$15) 22... Nhf6 23. Qd3 Ne4 24. Kh1 $14) 22. fxe5 Nxe5 $2 (22... dxe5 $5 23.
Qb3 Kh8 (23... f4 24. d6 $18) 24. d6 Bd8 25. Bh6 Ng7 $14) 23. Nxe5 dxe5 24. Qd3
$1 {The queen jumps back to the center with a great effect. The threat of
d5-d6 and vulnerability of f5 pawn and knight on h5 make for a list of
greviances a bit too long.} Bxb4 (24... Bd6 25. Rxf5 Rxf5 26. Qxf5 $16) (24...
e4 25. Qd1 Nf6 26. d6 Bd8 27. Rxf5 $18) 25. d6 $1 Rc3 (25... Qe6 26. Bxh5 Bxd6
27. Bd1 $18) (25... f4 26. d7 $18) 26. Qd5+ Qf7 (26... Kh8 27. Bxh5 Qxh5 28.
Qxe5+ Kg8 29. Bd4 $18) 27. Qxf7+ Rxf7 28. Bxh5 Rxe3 (28... Rd7 29. Bg5 $18) 29.
Bxf7+ Kxf7 30. d7 (30. d7 Ke7 (30... Rd3 31. Rad1 $18) 31. Rad1 Kd8 32. Rxf5
$18) 1-0

[Event "Linares Anibal op 07th"]
[Site "Linares"]
[Date "2000.01.11"]
[Round "5"]
[White "Dolmatov, Sergey"]
[Black "Zakharov, Alexander S"]
[Result "1-0"]
[WhiteElo "2600"]
[BlackElo "2426"]
[Annotator "Ftacnik,L"]
[PlyCount "55"]
[EventDate "2000.01.07"]
[EventType "swiss"]
[EventRounds "10"]
[EventCountry "ESP"]
[SourceTitle "CBM 075"]
[Source "ChessBase"]
[SourceDate "2000.04.05"]
[SourceVersion "1"]
[SourceVersionDate "2000.04.05"]
[SourceQuality "1"]

1. e4 c5 2. Nf3 d6 3. d4 cxd4 4. Nxd4 Nf6 5. Nc3 a6 6. Be2 e5 7. Nb3 Be7 8. Be3
O-O 9. g4 Be6 10. g5 Ne8 11. Qd2 Nd7 12. f4 g6 (12... exf4 13. Bxf4 Ne5 14.
O-O-O $14) 13. O-O-O Ng7 14. h4 Rc8 15. Kb1 f5 (15... b5 16. h5 $1 exf4 17.
Bxf4 $40) 16. h5 $1 {The positions with opposite castling always require a lot
of courage for swift action. White is obviously more successful with his
kingside attack.} (16. gxf6 Nxf6 17. h5 exf4 18. Bxf4 Ngxh5 $13) 16... gxh5 (
16... fxe4 17. hxg6 hxg6 18. fxe5 Nxe5 19. Nxe4 $40) 17. Bxh5 fxe4 (17... Nxh5
18. Rxh5 exf4 19. Bxf4 Bf7 20. Rh6 $16) 18. Qh2 Rxc3 (18... exf4 19. Bxf4 Nxh5
(19... Bxb3 20. axb3 Nxh5 21. Qxh5 Rxf4 22. Qxh7+ Kf8 23. Nd5 $18 (23. Rdf1 $18
)) 20. Qxh5 Rxf4 21. Qxh7+ Kf8 22. Qh6+ Ke8 23. Qxe6 $18) 19. bxc3 (19. Be2 Bf5
(19... Rxe3 $2 20. Qxh7+ Kf7 21. Bh5#) 20. bxc3 Qc7 21. c4 $16) 19... Bf5 (
19... Nxh5 $5 20. Qxh5 Bf5 21. Rdf1 (21. g6 Bxg6 22. Rdg1 Kf7 $13) 21... Qc8
22. Qh6 $16) 20. Bg4 $1 {[%mdl 128] In attacking positions the shortcut
usually leads through sacrifices of the material. The target is quite clearly
h7 pawn and the black king.} Bxg4 (20... Bg6 21. Bxd7 Qxd7 (21... exf4 22. Bxf4
Qxd7 23. Bxd6 $18) 22. fxe5 Nf5 23. Bc5 $18) 21. Qxh7+ Kf7 22. Rdf1 (22. f5 $6
Bxd1 (22... Bxf5 23. Rdf1 Ke8 24. Qxg7 Qc8 25. Qh6 $18) 23. Qg6+ Kg8 24. Qh7+
$11 (24. Rh7 Bf6 $17)) 22... Bf3 (22... Be2 23. fxe5+ Bxf1 24. Rxf1+ Ke6 25.
Qg6+ Kxe5 26. Qxg7+ $18) 23. Rh6 Rg8 (23... exf4 24. Qg6+ Kg8 25. Bd4 Ne5 26.
Rh8+ $1 Kxh8 27. Qh6+ Kg8 28. g6 $18) 24. fxe5 Nxe5 (24... d5 25. e6+ Kf8 26.
exd7 Qxd7 27. Bc5 $18) 25. Qxe4 {Without counterplay black position is falling
apart as white begins to cash the chips.} Ke8 (25... Bxg5 26. Qd5+ Kf8 27.
Rxf3+ Nxf3 28. Qxf3+ Ke8 29. Qd5 $18) 26. Rxf3 Nxf3 27. Qxf3 Bxg5 28. Qd5 $1 (
28. Qd5 $1 Bxh6 29. Qxg8+ Ke7 30. Qxd8+ Kxd8 31. Bxh6 $18) 1-0

[Event "RUS-Cup07"]
[Site "Tomsk"]
[Date "1998.07.22"]
[Round "8"]
[White "Bezgodov, Alexei"]
[Black "Nevostrujev, Vladimir"]
[Result "1-0"]
[WhiteElo "2520"]
[BlackElo "2410"]
[Annotator "Ftacnik,L"]
[PlyCount "77"]
[EventDate "1998.07.15"]
[EventType "swiss"]
[EventRounds "9"]
[EventCountry "RUS"]
[SourceTitle "CBM 067"]
[Source "ChessBase"]
[SourceDate "1998.11.30"]
[SourceVersion "2"]
[SourceVersionDate "1998.11.01"]
[SourceQuality "1"]

1. e4 c5 2. Nf3 d6 3. d4 cxd4 4. Nxd4 Nf6 5. Nc3 a6 6. Be2 e5 7. Nb3 Be7 8. O-O
Be6 9. Kh1 Nc6 10. f4 exf4 11. Bxf4 O-O 12. Qe1 Nd7 {Black trusts the
flexibility of Scheveningen variation and hopesto hold with the help of e5
square. Unfortunatelly the absence of Nf6 weakens the control of d5 square.} (
12... Re8 13. Rd1 Ng4 14. Nd5 Bh4 15. Bg3 Bg5 16. h3 Nge5 17. Qf2 b5 18. c3 Qb8
19. Nd4 Nxd4 20. cxd4 {1-0 Krylov,S-Magnusson,J/Wch-06 blind/1986/ (24)}) (
12... Ne8 $5 13. Rd1 (13. Nd5 Bg5 14. Bg3 Ne5 15. Rd1 Bxd5 16. Rxd5 Nf6 17. Rd1
Qc7 18. Rf5 Bh6 19. Rxf6 gxf6 20. Nd4 Rfe8 21. Nf5 {1-0 Ehlvest,J-Gurevich,I/
St.Martin op/1993/ (46)}) 13... Bh4 14. Qd2 (14. Bg3 Bxg3 15. Qxg3 Qb6 16. Bg4
Bc4 17. Rf2 Ne5 18. Rfd2 Rd8 19. Be2 Be6 {Dolmatov,S-Mithrakanth,P/Calcutta op/
1996/1/2-1/2 (48)}) 14... Ne5 15. Nd4 Rc8 16. Nf5 Bxf5 17. exf5 Qb6 18. Qc1 Qc6
19. Qe3 Qc5 20. Qe4 Bf6 21. Qxb7 Rc6 22. Nd5 Qxc2 23. Rd2 Qa4 24. b3 Qa5 25.
Rfd1 {1-0 Tseshkovsky,V-Skalik,P/Wisla BES op/1992/}) (12... Ng4 13. Bxg4 (13.
Nd5 Bh4 14. g3 Bg5 15. Qd2 Bxf4 16. gxf4 Nxh2 17. Kxh2 Qh4+ {1/2-1/2 Vuckovic,
B-Arsovic,G/Serbian CF 29th/1998/}) 13... Bxg4 14. Qg3 Bh5 15. Nd5 Re8 16.
Nxe7+ Qxe7 17. Rae1 Qe6 18. Bxd6 Qc4 19. Nc5 Qxa2 20. b3 Bg6 {0-1 Sutovskij,
E-Gruenfeld,Y/Rishon le Zion/1994/ (37)}) 13. Rd1 Nde5 14. Nd5 Re8 (14... Bxd5
15. exd5 Nb8 16. Bxe5 dxe5 17. Bd3 Bd6 18. Na5 $16) 15. c4 b6 (15... Bh4 16.
Qd2 $14) 16. Be3 Nd7 17. Qg3 Nce5 18. Bh6 Ng6 (18... g6 19. Nd4 $16) 19. Nxe7+
Qxe7 20. Bg5 f6 (20... Qf8 21. Rxd6 $16) 21. Be3 {White has bishop pair, Pd6
is weak and squares d5, f5 rather vulnerable.} Nge5 22. Nd4 Nc5 (22... Bxc4 $2
23. Bxc4+ Nxc4 24. Nf5 Qf8 25. Bh6 $18) (22... Nxc4 23. Bxc4 Bxc4 24. Nf5 Qf8
25. Bh6 Re7 26. Nxe7+ Qxe7 27. Rfe1 $16) 23. Nf5 Bxf5 (23... Qc7 24. Nxd6 Red8
25. Bxc5 bxc5 26. Nf5 $16) 24. exf5 Rac8 (24... Nf7 25. Bd4 $1 Ne4 (25... Qxe2
26. Bxf6 $16) 26. Qh4 $16) 25. Bh5 Red8 26. b3 {The knights on solid squares
are not strong enough to prevent mounting of white's pressure. The f pawn is
already on f6, so the weakness of a2-g8 diagonal is palpable.} b5 27. cxb5 (27.
Rfe1 $6 bxc4 28. bxc4 Ne4) 27... axb5 28. Bd4 Ne4 29. Qe3 d5 30. Bf3 $1 {
[%mdl 2048]} Kh8 (30... Ra8 31. Bxe4 dxe4 32. Qxe4 Rxa2 33. Bxe5 Rxd1 34. Rxd1
fxe5 (34... Qxe5 $2 35. Rd8+ Kf7 36. Qb7+ Qe7 37. Qd5+) 35. Qd5+ Kh8 36. Qxb5
$16) (30... Nxf3 31. gxf3 Rc3 32. Qe1 $1 (32. Bxc3 $2 Ng3+ 33. hxg3 Qxe3 $19)
32... Rc2 33. fxe4 $18) (30... Nc5 31. Bxe5 fxe5 32. Bxd5+ $16) 31. Bxe4 Ng4 $2
{This loses a knight and a game, but the position was very serious.} (31...
dxe4 32. Qxe4 Nc6 33. Qxe7 Nxe7 34. Bb6 Rxd1 35. Rxd1 Nxf5 36. Rd5 $16) 32. Qg3
$1 Qxe4 (32... Nxh2 33. Kxh2 dxe4 34. Be3 $18) 33. Rf4 Qc2 34. Qxg4 $18 Qxa2
35. Qh5 Re8 (35... Qxb3 36. Rh4 Kg8 37. Qxh7+ Kf7 38. Qh5+ Kg8 39. Bxf6 $18)
36. Rh4 Kg8 (36... h6 37. Bxf6 $18) 37. Qxh7+ Kf8 38. Bxf6 gxf6 (38... Rc7 39.
Qh8+ Kf7 40. Qxg7#) 39. Rg4 1-0

[Event "IND-ch"]
[Site "Mumbai"]
[Date "2003.01.18"]
[Round "2"]
[White "Barua, Dibyendu"]
[Black "Saravanan, Venkat"]
[Result "1-0"]
[WhiteElo "2541"]
[BlackElo "2357"]
[Annotator "Ftacnik,L"]
[PlyCount "73"]
[EventDate "2003.01.18"]
[EventType "tourn"]
[EventRounds "21"]
[EventCountry "IND"]
[EventCategory "8"]
[SourceTitle "CBM 094"]
[Source "ChessBase"]
[SourceDate "2003.05.26"]
[SourceVersion "1"]
[SourceVersionDate "2003.05.26"]
[SourceQuality "1"]

1. e4 c5 2. Nf3 d6 3. d4 cxd4 4. Nxd4 Nf6 5. Nc3 a6 6. Be2 e5 7. Nb3 Be7 8. O-O
O-O 9. Kh1 b5 10. a4 b4 11. Nd5 Bb7 12. Nxe7+ Qxe7 13. f3 d5 14. exd5 Bxd5 15.
Bg5 Rd8 16. Qe1 Nc6 17. Nd2 h6 18. Bh4 g5 {Despite absence of a dark squared
bishop black has excellent piece play and good control of the center.} (18...
Nd4 19. Bd3 Rac8 (19... Rdc8 20. Rc1 Qe6 21. Bf2 a5 22. Bxd4 exd4 23. Qh4 Qe3
24. Rcd1 {1-0 Efimenko,Z-Sedlak,N/Balatonlelle 2001/ (78)}) 20. Rc1 a5 21. Qf2
Rd6 22. Rfe1 Qe6 23. Bg3 Nd7 24. f4 Nc5 25. Bb5 Nxb5 26. axb5 Rdd8 27. fxe5 a4
{0-1 Conquest,S-Gallagher,J/Germany/1998/ (39)}) 19. Bg3 (19. Bf2 Be6 20. Bb6
Rd5 $13) 19... Nh5 20. Bd3 (20. Bf2 Nf4 21. c3 $11) 20... Qe6 (20... Nxg3+ 21.
Qxg3 b3 $1 22. cxb3 (22. Ne4 bxc2 23. Bxc2 Rab8 $15) 22... Be6 23. Be4 Rxd2 24.
Rac1 Rc8 25. Rxc6 Rxc6 26. Bxc6 Qc7 $17) 21. b3 f5 (21... Nxg3+ 22. Qxg3 Nd4
23. a5 Re8 24. Ra4 $11) 22. Nc4 f4 (22... e4 23. fxe4 fxe4 24. Be2 Nxg3+ 25.
Qxg3 Nd4 26. Bg4 Qc6 27. Ne3 Nxc2 28. Rac1 Bxb3 29. Nxc2 Bxc2 30. Qe5 Re8 31.
Rxc2 $16) (22... Nxg3+ 23. Qxg3 f4 24. Qf2 Ra7 25. Rfe1 Re7 26. Rad1 $11) 23.
Bf2 g4 24. Be4 (24. Bh4 gxf3 25. gxf3 Qh3 26. Qf2 Ra7 $13) 24... Bxe4 $6 {
Saravanan is solving the problems of the center in unfortunate fashion, as
white will get excellent objects for later attack.} (24... gxf3 25. Bxf3 Bxf3
26. gxf3 Nf6 $11) 25. Qxe4 g3 (25... gxf3 26. gxf3 Kh8 27. Rfe1 Ng3+ 28. Bxg3
fxg3 29. Nxe5 Nxe5 30. Qxe5+ Qxe5 31. Rxe5 $14) 26. hxg3 fxg3 27. Be3 Kg7 28.
Rad1 Qg6 (28... Rab8 29. Qh4 Qf5 30. Rxd8 Rxd8 31. Na5 Rc8 32. Nxc6 Rxc6 33.
Qe7+ Qf7 34. Qxe5+ $16) 29. Qxg6+ Kxg6 30. Bb6 $1 {[%mdl 2048] Black is losing
control of the d file and it will cost him dearly, white pieces will manage a
concentrated effort against his weaknesses.} Rxd1 (30... Rdc8 31. Rd6+ Kg7 32.
Be3 Nf4 33. Nb6 $18) 31. Rxd1 Kg5 32. Rd6 Rc8 (32... Nd4 33. Nxe5 Nxc2 34. Nf7+
Kf4 35. Re6 Rf8 36. Nd6 $18) 33. Be3+ Nf4 (33... Kh4 34. Nxe5 Nxe5 35. Rd4+ Nf4
36. Rxf4+ Kh5 37. Rf5+ Kg6 38. Rxe5 Rxc2 39. Bf4 $18) 34. Nd2 Ne7 (34... Kf5
35. Rxh6 (35. Ne4 Ne6 36. Nxg3+ Kf6 37. Bxh6 Ncd4 38. Bd2 a5 39. Ne4+ Kg7 40.
Ra6 $18) 35... Nd4 36. Ne4 Rc6 37. Nxg3+ (37. Nd6+ Kg5 38. Nf7+ Kf5 39. Bxd4
Rxc2 40. Be3 Rc3 $14) 37... Kg5 38. Rxc6 Nxc6 39. Ne2 $18) 35. Ne4+ Kh5 36.
Nxg3+ Kh4 37. Ne4 1-0

[Event "Olympiad-39"]
[Site "Khanty-Mansiysk"]
[Date "2010.09.23"]
[Round "3.1"]
[White "Leon Hoyos, Manuel"]
[Black "Jobava, Baadur"]
[Result "1-0"]
[WhiteElo "2579"]
[BlackElo "2710"]
[Annotator "Ftacnik,L"]
[PlyCount "67"]
[EventDate "2010.09.21"]
[EventType "team-swiss"]
[EventRounds "11"]
[EventCountry "RUS"]
[SourceTitle "CBM 139"]
[Source "ChessBase"]
[SourceDate "2010.11.18"]
[SourceVersion "1"]
[SourceVersionDate "2010.11.18"]
[SourceQuality "1"]
[WhiteTeam "Mexico"]
[BlackTeam "Georgia"]
[WhiteTeamCountry "MEX"]
[BlackTeamCountry "GEO"]

1. e4 c5 2. Nf3 d6 3. d4 cxd4 4. Nxd4 Nf6 5. Nc3 a6 6. Be3 e5 7. Nb3 Be6 8. Be2
Be7 9. O-O Nbd7 10. a4 Rc8 11. Qd2 Nb6 12. Rfd1 O-O 13. Bg5 {Black has chosen
the plan that is really successful in praxis. The knight from b6 covers the
critical square d5 and prepares to jump to c4.} (13. a5 Nc4 14. Bxc4 Rxc4 15.
f3 Qc8 (15... Qc7 16. Nc1 (16. Rac1 Rc8 17. Nd5 Bxd5 18. exd5 Rxc2 19. Qd3 Qc4
20. Qxc4 R8xc4 21. Rb1 Rb4 {0-1 Astrom,G (2300)-De Firmian,N (2575)/Stockholm
1996}) 16... d5 17. exd5 Rd8 18. Nd3 Nxd5 19. Nxd5 Rxd5 20. Bb6 Qc8 {1/2-1/2
Sznapik,A (2460)-Szekely,P (2450)/Athens 1992}) 16. Ra4 (16. Qe1 Nd7 17. Nc1 {
1/2-1/2 Cabrilo,G (2482)-Arsovic,G (2435)/Vrnjacka Banja 2009}) (16. Rac1 h6
17. Qd3 Rb4 18. Na2 Rc4 19. Nc3 Rd8 20. Bb6 Rd7 21. Nd5 Bxd5 22. exd5 Bd8 23.
Be3 Re7 24. Nd2 Rb4 25. c3 Rxb2 26. Nc4 e4 27. fxe4 Rxg2+ 28. Kxg2 Qg4+ 29. Kf1
Rxe4 $15 {0-1 Gazik,I (2425)-Zagrebelny,S (2440)/Hungary 1992 (41)}) (16. Nc1
d5 17. exd5 Rd8 18. Nd3 Nxd5 19. Nxd5 Rxd5 20. c3 e4 21. fxe4 Rxe4 22. Kh1 Bd6
23. Qf2 Rf5 24. Qd2 Bd5 $17 {0-1 Burnoiu,N (2403)-Sieciechowicz,M (2427)/Baia
Sprie 2010 (48)}) 16... Rc6 17. Nc1 h6 18. Nd3 Re8 19. Nb4 Rc4 20. Nbd5 Bxd5
21. exd5 Bd8 22. Rda1 Rxa4 23. Rxa4 Qd7 24. Qd3 Nh5 $11 {1/2-1/2 Rigo,Z (2368)
-Stocek,J (2555)/Slovakia 2002 (64)}) 13... Kh8 {Jobava played some very good
games at the olympiad, but his form in this round was far from perfect. Black
is ignoring the threat to the d6-pawn in the belief, that he will get ample
compensation.} (13... Ne8 14. Be3 (14. Bxe7 Qxe7 15. a5 Nc4 16. Bxc4 Rxc4 17.
Qd3 Qc7 18. Rd2 Rb4 19. Nd5 Bxd5 20. Qxd5 Rc4 21. c3 Rc6 {1/2-1/2 Laznicka,V 
(2434)-Babula,V (2569)/Olomouc 2004}) 14... Nc4 15. Bxc4 Rxc4 16. Qe2 Qc8 17.
Rd2 Rb4 18. f3 h6 19. Rb1 Nf6 20. Nc1 Rc4 21. Nd3 Qb8 22. Ra1 Rfc8 23. Nd1 Qc7
24. c3 d5 25. exd5 Nxd5 $17 {0-1 Tugaj,S (2290)-Areshchenko,A/Kharkov 2000 (61)
}) (13... Nc4 14. Bxc4 Rxc4 15. Bxf6 Bxf6 16. Qxd6 Qxd6 17. Rxd6 Rb4 18. Rad1
Rc8 19. g3 Kf8 20. Kg2 Be7 21. R6d3 h5 22. h4 g6 23. R1d2 $11 {1/2-1/2 Ciron 
(2627)-Rybusia (2576)/playchess.com INT 2007 (51)}) (13... Nbd7 14. a5 h6 15.
Be3 Re8 16. f3 Qc7 17. Bf1 Red8 {1/2-1/2 Azarov,S (2622)-Zhigalko,A (2600)/
Minsk 2010}) 14. Na5 (14. Bxf6 $5 Bxf6 (14... gxf6 15. Na5 Qc7 16. Qd3 $14) 15.
Na5 Qc7 16. Qxd6) 14... Qc7 {The second small mystery, since White has not
played the most exact move. The defender is ignoring the chance to punish
White with 14...Nbd7!} (14... Nbd7 $1 15. Nxb7 (15. Nb3 Qc7 $11) 15... Qb6 16.
Nxd6 Bxd6 17. Qxd6 Qxb2 18. Bxf6 Nxf6 19. Bxa6 Qxc3 20. Bxc8 Rxc8 21. a5 $11)
15. Bxf6 Bxf6 16. Qxd6 Be7 $6 {The bishop retreat is dubious at best, since
with normal moves Black could keep the damage to a minimum.} (16... g6 $1 17.
g3 Kg7 $14) 17. Qxc7 Rxc7 18. Nd5 $1 {The knight move to the centre is
critical for the defender; White will get a dangerous passed pawn.} Bxd5 (18...
Nxd5 19. exd5 Rxc2 20. dxe6 (20. Bd3 Rc5 21. dxe6 Rxa5 22. exf7 Rxf7 23. Be4
$14) 20... Rxe2 21. Rd7 Bb4 22. e7 Rg8 23. Nc4 $18) 19. exd5 Bb4 $2 {[%mdl 64]
Jobava has disclosed his main problem in this game. The main idea of his
counterplay has been proven faulty and the position immediately becomes lost.}
(19... Rxc2 20. d6 Bxd6 21. Rxd6 Nc8 22. Bd3 Rc5 23. Nxb7 Rc7 24. Rd8 $18) (
19... Rd8 $1 20. Bf3 Bd6 21. c3 f5 22. Nb3 $14) 20. d6 $1 Rxc2 (20... Rd7 21.
Nxb7 $1 {This is the moment of critical blindness; from afar this move had
seemed impossible.} Rxb7 22. c3 Bxd6 23. Rxd6 $18) 21. Bd3 Rxb2 22. Nxb7 {
Despite the material balance Black is completely lost. White can claim the
only passed pawn on the board and it can not be stopped!} Ra8 (22... Rb8 23.
Bxa6 $18) 23. Rac1 g6 (23... Bd2 24. Rc2 Rxc2 25. Bxc2 Rb8 26. d7 Nxd7 27. Nd6
f6 28. Rxd2 $18) 24. a5 Nd5 (24... Nd7 25. Rc7 Nf8 26. Bc4 $18) 25. d7 Nc3 26.
Bxa6 Nxd1 27. Rc8+ {This moment might have been his last chance in this game,
but Jobava was so upset that he decided to ignore the good advance of the pawn
for a while.} (27. Rxd1 Be7 28. d8=Q+ Bxd8 29. Rxd8+ Rxd8 30. Nxd8 Ra2 31. Nc6
$18) 27... Kg7 (27... Rxc8 28. dxc8=Q+ Kg7 29. Qc7 $18) 28. d8=Q Rb1 (28...
Rxc8 29. Qxc8 Rb1 30. h3 $18) 29. Qh8+ Kh6 30. Bd3 Ra1 {30...Rc1 must have
been objectively stronger, but after some simple exchanges Black will have to
resign anyway.} (30... Rc1 31. Rxc1 Rxh8 32. Rxd1 $18) 31. Bf1 Be1 32. Qf8+ Kh5
33. Be2+ Kg5 34. h4+ 1-0

[Event "RUS-ch 54th"]
[Site "Elista"]
[Date "2001.05.08"]
[Round "8"]
[White "Dolmatov, Sergey"]
[Black "Vaulin, Alexander"]
[Result "1/2-1/2"]
[WhiteElo "2587"]
[BlackElo "2540"]
[Annotator "Ftacnik,L"]
[PlyCount "44"]
[EventDate "2001.04.29"]
[EventType "swiss"]
[EventRounds "9"]
[EventCountry "RUS"]
[SourceTitle "CBM 083"]
[Source "ChessBase"]
[SourceDate "2001.07.05"]
[SourceVersion "1"]
[SourceVersionDate "2001.07.05"]
[SourceQuality "1"]

1. e4 c5 2. Nf3 d6 3. d4 cxd4 4. Nxd4 Nf6 5. Nc3 a6 6. Be2 e5 7. Nb3 Be7 8. Be3
Be6 9. Nd5 Nbd7 10. Qd3 Bxd5 11. exd5 Nc5 12. Nxc5 dxc5 13. O-O-O Qd6 (13... e4
14. Qb3 Qc7 15. Qa4+ Kf8 16. g4 Rd8 17. d6 Rxd6 18. Rxd6 Bxd6 19. Rd1 g5 20.
Bxg5 Bf4+ {1/2-1/2 Svidler,P-Huzman,A/Haifa/2000/ (33)}) 14. g4 (14. Bf3 O-O
15. g4 b5 16. g5 c4 17. Qf5 g6 18. Qh3 Nd7 19. Kb1 c3 20. Qg3 Nb6 21. Rd3 Na4 {
1/2-1/2 Lima,D-Dominguez,L/Istanbul/2000/ (51)}) 14... b5 15. c4 $6 {A novel
approach, but hardly a best way to fight for an advantage. Black will have no
problem to create counterplay against white king on c1.} (15. g5 c4 16. Qf5 g6
17. Qh3 Nd7 18. Kb1 c3 19. b3 O-O 20. Rhf1 Rfb8 21. f4 {1-0 Milos,G-Leitao,R/
Sao Paulo/2001/ (41)}) 15... O-O 16. g5 (16. cxb5 $2 axb5 17. Qxb5 Rxa2 $17)
16... Nd7 17. h4 (17. Qf5 bxc4 18. Bxc4 Rab8 $132) 17... bxc4 18. Qc2 (18. Qxc4
Rfb8 19. Bd3 Rb4 20. Qc2 Nf8 $13) 18... Nb6 19. Rhg1 (19. Bxc4 Nxc4 20. Qxc4
Rab8 $15) 19... Rab8 20. Rg4 c3 $5 {Vaulin is forcing a clearing of the
position, white has to accept complete eqaulity.} 21. Qxc3 (21. bxc3 Nxd5 22.
Qe4 Nxc3 23. Rxd6 Nxe4 24. Rxa6 f5 25. gxf6 Nxf6 26. Rga4 $13) 21... Nxd5 22.
Qc4 Nxe3 (22... Nxe3 23. fxe3 Qb6 24. Qc3 Bd6 25. Ra4 Ra8 26. h5 $13) 1/2-1/2